Aerosolové obaly

História vzniku a používania aerosolových dóz. Oblasti používania. Skladba a technologiský postup výroby aerosolových dóz - rozprašovačov. Princíp fungovania aerosolových obalov. Plnenie aerosolových dóz.

Na minha lista:
Detalhes bibliográficos
Autor principal: Vítek, Miloslav
Formato: Capítulo de Livro
Idioma:tcheco
Assuntos:
Tags: Adicionar Tag
Sem tags, seja o primeiro a adicionar uma tag!

MARC

LEADER 00000naa a2200000 4500
001 0117662
005 20231129095622.6
041 0 |a cze 
044 |a CZ 
245 1 0 |a Aerosolové obaly  |c Miloslav Vítek 
520 |a História vzniku a používania aerosolových dóz. Oblasti používania. Skladba a technologiský postup výroby aerosolových dóz - rozprašovačov. Princíp fungovania aerosolových obalov. Plnenie aerosolových dóz. 
610 2 0 |a obaly 
610 2 0 |a technika obalová 
610 2 0 |a balenie 
610 2 0 |a liečivá 
610 2 0 |a kozmetika 
610 2 0 |a farby 
100 1 |a Vítek, Miloslav